Welcome to CU Library Online Public Access Catalogue (OPAC)

Comprehensive radiographic pathology / (Record no. 312)

MARC details
000 -LEADER
fixed length control field 00702pam a22002414a 4500
001 - CONTROL NUMBER
control field 14822611
005 - DATE AND TIME OF LATEST TRANSACTION
control field 20241028174548.0
008 - FIXED-LENGTH DATA ELEMENTS--GENERAL INFORMATION
fixed length control field 070425s2007 moua b 001 0 eng
020 ## - INTERNATIONAL STANDARD BOOK NUMBER
International Standard Book Number 9780323036245
020 ## - INTERNATIONAL STANDARD BOOK NUMBER
International Standard Book Number 0323036244
050 00 - LIBRARY OF CONGRESS CALL NUMBER
Classification number RC78
Item number .E533 2007
082 00 - DEWEY DECIMAL CLASSIFICATION NUMBER
Classification number 616.07/572
Edition information 22
100 1# - MAIN ENTRY--PERSONAL NAME
Personal name Eisenberg, Ronald L.
245 10 - TITLE STATEMENT
Title Comprehensive radiographic pathology /
Statement of responsibility, etc. Ronald L. Eisenberg, Nancy M. Johnson.
250 ## - EDITION STATEMENT
Edition statement 4th ed.
260 ## - PUBLICATION, DISTRIBUTION, ETC.
Place of publication, distribution, etc. St. Louis, Mo. :
Name of publisher, distributor, etc. Mosby/Elsevier,
Date of publication, distribution, etc. c2007.
300 ## - PHYSICAL DESCRIPTION
Extent xvi, 516 p. :
Other physical details ill. ;
Dimensions 28 cm.
650 #0 - SUBJECT ADDED ENTRY--TOPICAL TERM
Topical term or geographic name entry element Diagnosis, Radioscopic.
650 #0 - SUBJECT ADDED ENTRY--TOPICAL TERM
Topical term or geographic name entry element Pathology.
650 #0 - SUBJECT ADDED ENTRY--TOPICAL TERM
Topical term or geographic name entry element Medical technologists.
700 1# - ADDED ENTRY--PERSONAL NAME
Personal name Johnson, Nancy M.
942 ## - ADDED ENTRY ELEMENTS (KOHA)
Source of classification or shelving scheme Dewey Decimal Classification
Koha item type Books
Suppress in OPAC No
999 ## -
-- 312
-- 312
Holdings
Withdrawn status Lost status Source of classification or shelving scheme Damaged status Not for loan Collection Home library Current library Shelving location Date acquired Total checkouts Full call number Barcode Date last seen Copy number Price effective from Koha item type
    Library of Congress Classification     Non-fiction Undergraduate Library (Christ Temple) Undergraduate Library (Christ Temple) General stacks 10/28/2024   RC78.E533 EIS ulct00000080 10/28/2024 1 10/28/2024 Books
© 2023-2024 Copyright: Central University Libraries. All Rights Reserved | Created by: Mahone Tech Office